书目信息 |
| 题名: |
新编高级电工简明读本
|
|
| 作者: | 许宝发 主编 | |
| 分册: | ||
| 出版信息: | 上海 上海科学技术出版社 2005.12 |
|
| 页数: | 349页 | |
| 开本: | 26cm | |
| 丛书名: | 机电工人职业技能培训系列读本 | |
| 单 册: | ||
| 中图分类: | TM-43 | |
| 科图分类: | ||
| 主题词: | 电工--dian gong--技术教育--教材 | |
| 电子资源: | ||
| ISBN: | 7-5323-8174-9 | |
| 000 | 00988nam 2200265 450 | |
| 001 | 012007497976 | |
| 005 | 20070929101050.06 | |
| 010 | @a7-5323-8174-9@dCNY50.00 | |
| 100 | @a20070814d2005 km y0chiy0120 ea | |
| 101 | 0 | @achi |
| 102 | @aCN@b310000 | |
| 105 | @aa a 000yy | |
| 200 | 1 | @a新编高级电工简明读本@Axin bian gao ji dian gong jian ming du ben@f许宝发主编@Fxu bao fa zhu bian |
| 210 | @a上海@c上海科学技术出版社@d2005.12 | |
| 215 | @a349页@c图@d26cm | |
| 225 | 2 | @a机电工人职业技能培训系列读本@Aji dian gong ren zhi ye ji neng pei xun xi lie du ben |
| 320 | @a有书目。 | |
| 330 | @a本书内容包括:电路的分析方法、电子技术基础、电力电子技术基础、可编程控制器及其应用、控制电机、工厂用电概况等。 | |
| 410 | 0 | @12001 @a机电工人职业技能培训系列读本 |
| 517 | 1 | @a高级电工简明读本@Agao ji dian gong jian ming du ben |
| 606 | 0 | @a电工@Adian gong@x技术教育@j教材 |
| 690 | @aTM-43@v4 | |
| 701 | 0 | @a许宝发@Axu bao fa@4主编 |
| 801 | 0 | @aCN@c20070929 |
| 905 | @dTM-43@eX851 | |
| 新编高级电工简明读本/许宝发主编.-上海:上海科学技术出版社,2005.12 |
| 349页:图;26cm.-(机电工人职业技能培训系列读本) |
| ISBN 7-5323-8174-9:CNY50.00 |
| 本书内容包括:电路的分析方法、电子技术基础、电力电子技术基础、可编程控制器及其应用、控制电机、工厂用电概况等。 |
| ● |
| 相关链接 |
|
|
|
正题名:新编高级电工简明读本
索取号:TM-43/X851
 
预约/预借
| 序号 | 登录号 | 条形码 | 馆藏地/架位号 | 状态 | 备注 |
| 1 | 248909 | 202489093 | 自科库301/301自科库 3排2列2层/ [索取号:TM-43/X851] | 在馆 |